[Event "Irena Warakomska Memorial A"]
[Site "Suwalki"]
[Date "2021.07.28"]
[Round "2"]
[White "Tomczak, Jacek"]
[Black "Juknis, Paulius"]
[Result "1/2-1/2"]
[Board "17"]
[WhiteElo "2603"]
[WhiteTitle "GM"]
[WhiteCountry "POL"]
[WhiteFideId "1124668"]
[WhiteEloChange "-4"]
[BlackElo "2172"]
[BlackCountry "LTU"]
[BlackFideId "12802247"]
[BlackEloChange "8"]

1. e4 {[%clk 1:30:57]} c5 {[%clk 1:30:47]} 2. Nf3 {[%clk 1:31:14]} Nc6 {[%clk
1:30:59]} 3. d4 {[%clk 1:31:24]} cxd4 {[%clk 1:31:18]} 4. Nxd4 {[%clk 1:31:39]}
Nf6 {[%clk 1:31:25]} 5. Nc3 {[%clk 1:31:42]} e6 {[%clk 1:31:34]} 6. Ndb5 {[%clk
1:29:49]} Bc5 {[%clk 1:26:48]} 7. Bf4 {[%clk 1:29:26]} O-O {[%clk 1:24:38]} 8.
Bc7 {[%clk 1:28:44]} Qe7 {[%clk 1:24:44]} 9. Bd6 {[%clk 1:29:00]} Bxd6 {[%clk
1:24:48]} 10. Qxd6 {[%clk 1:29:19]} Qd8 {[%clk 1:23:56]} 11. Nc7 {[%clk 1:16:34]}
Rb8 {[%clk 1:16:49]} 12. Be2 {[%clk 1:16:42]} b5 {[%clk 1:03:18]} 13. e5 {[%clk
1:17:01]} Ne8 {[%clk 1:02:48]} 14. Nxe8 {[%clk 1:16:17]} Rxe8 {[%clk 1:02:36]}
15. O-O {[%clk 1:07:41]} b4 {[%clk 0:54:13]} 16. Ne4 {[%clk 1:07:51]} Qa5 {[%clk
0:47:19]} 17. f4 {[%clk 0:36:42]} Qb6+ {[%clk 0:44:28]} 18. Qc5 {[%clk 0:34:48]}
Nd4 {[%clk 0:38:45]} 19. Bd3 {[%clk 0:34:39]} d5 {[%clk 0:37:28]} 20. exd6 {[%clk
0:26:28]} f5 {[%clk 0:37:32]} 21. Qxb6 {[%clk 0:26:50]} Rxb6 {[%clk 0:37:50]} 22.
Nc5 {[%clk 0:27:02]} Rxd6 {[%clk 0:37:49]} 23. a3 {[%clk 0:27:07]} a5 {[%clk
0:33:47]} 24. axb4 {[%clk 0:23:50]} axb4 {[%clk 0:34:12]} 25. Rfe1 {[%clk
0:18:19]} Kf7 {[%clk 0:31:15]} 26. Ra4 {[%clk 0:14:57]} Rb6 {[%clk 0:29:28]} 27.
Ra5 {[%clk 0:09:33]} Re7 {[%clk 0:23:49]} 28. Kf2 {[%clk 0:04:53]} Kf6 {[%clk
0:14:38]} 29. Ke3 {[%clk 0:04:26]} e5 {[%clk 0:12:30]} 30. Rf1 {[%clk 0:03:01]}
Nc6 {[%clk 0:11:49]} 31. Ra8 {[%clk 0:03:17]} exf4+ {[%clk 0:10:18]} 32. Kd2
{[%clk 0:03:32]} Be6 {[%clk 0:07:01]} 33. Rxf4 {[%clk 0:00:48]} g6 {[%clk
0:04:16]} 34. Na4 {[%clk 0:01:14]} Rbb7 {[%clk 0:02:08]} 35. Nc5 {[%clk 0:01:41]}
Rb6 {[%clk 0:02:06]} 36. Na4 {[%clk 0:01:09]} Rbb7 {[%clk 0:02:07]} 37. Ra6
{[%clk 0:01:32]} Nb8 {[%clk 0:01:20]} 38. Rd6 {[%clk 0:01:22]} Ke5 {[%clk
0:00:41]} 39. Rfd4 {[%clk 0:01:43]} Nc6 {[%clk 0:00:55]} 40. Rxc6 {[%clk
0:30:39]} Kxd4 {[%clk 0:31:20]} 41. Rc5 {[%clk 0:29:23]} Bd5 {[%clk 0:28:00]} 42.
c3+ {[%clk 0:29:19]} bxc3+ {[%clk 0:28:05]} 43. bxc3+ {[%clk 0:27:34]} Ke5 {[%clk
0:27:21]} 44. c4 {[%clk 0:27:33]} Red7 {[%clk 0:27:09]} 45. Nc3 {[%clk 0:16:03]}
Kd4 {[%clk 0:23:52]} 46. Rxd5+ {[%clk 0:14:18]} Rxd5 {[%clk 0:24:10]} 47. cxd5
{[%clk 0:14:01]} Rb3 {[%clk 0:23:03]} 48. Ne2+ {[%clk 0:13:47]} Kxd5 {[%clk
0:23:04]} 49. Bc2 {[%clk 0:13:52]} Ra3 {[%clk 0:22:49]} 50. Nf4+ {[%clk 0:12:51]}
Ke5 {[%clk 0:22:28]} 51. Nd3+ {[%clk 0:12:59]} Kd4 {[%clk 0:20:18]} 52. Nf4
{[%clk 0:13:21]} Ke5 {[%clk 0:20:39]} 53. Nd3+ {[%clk 0:13:30]} Kd4 {[%clk
0:20:42]} 54. Nf4 {[%clk 0:12:22]} Ke5 {[%clk 0:20:59]} 1/2-1/2

[Event "Irena Warakomska Memorial A"]
[Site "Suwalki"]
[Date "2021.07.28"]
[Round "2"]
[White "Parol, Pola"]
[Black "Kosakowski, Jakub"]
[Result "0-1"]
[Board "18"]
[WhiteElo "2111"]
[WhiteTitle "WFM"]
[WhiteCountry "POL"]
[WhiteFideId "1163116"]
[WhiteEloChange "-3"]
[BlackElo "2417"]
[BlackTitle "IM"]
[BlackCountry "POL"]
[BlackFideId "1185080"]
[BlackEloChange "1"]

1. e4 {[%clk 1:30:57]} c5 {[%clk 1:29:16]} 2. Nf3 {[%clk 1:31:19]} d6 {[%clk
1:29:24]} 3. d4 {[%clk 1:31:40]} cxd4 {[%clk 1:29:33]} 4. Nxd4 {[%clk 1:32:02]}
Nf6 {[%clk 1:29:53]} 5. Nc3 {[%clk 1:32:25]} a6 {[%clk 1:30:16]} 6. Be2 {[%clk
1:31:54]} e5 {[%clk 1:29:46]} 7. Nb3 {[%clk 1:31:48]} Be7 {[%clk 1:29:58]} 8. Bg5
{[%clk 1:31:17]} Be6 {[%clk 1:30:06]} 9. Bxf6 {[%clk 1:31:05]} Bxf6 {[%clk
1:30:26]} 10. Qd3 {[%clk 1:30:51]} Be7 {[%clk 1:30:29]} 11. O-O-O {[%clk
1:28:56]} Nd7 {[%clk 1:28:58]} 12. g3 {[%clk 1:23:25]} b5 {[%clk 1:25:25]} 13. f4
{[%clk 1:16:34]} Rc8 {[%clk 1:18:59]} 14. Kb1 {[%clk 1:11:15]} O-O {[%clk
1:17:41]} 15. f5 {[%clk 1:05:11]} Bc4 {[%clk 1:16:59]} 16. Qf3 {[%clk 1:04:05]}
Bxe2 {[%clk 1:12:44]} 17. Qxe2 {[%clk 0:58:11]} Rxc3 {[%clk 1:13:03]} 18. bxc3
{[%clk 0:58:36]} Nb6 {[%clk 1:13:10]} 19. Rhf1 {[%clk 0:47:45]} Qc7 {[%clk
1:04:12]} 20. Rf3 {[%clk 0:42:43]} Rc8 {[%clk 1:02:13]} 21. Ka1 {[%clk 0:27:21]}
Na4 {[%clk 0:58:03]} 22. Rdd3 {[%clk 0:27:14]} a5 {[%clk 0:56:49]} 23. Qd2 {[%clk
0:25:23]} Nb6 {[%clk 0:50:23]} 24. f6 {[%clk 0:18:41]} Bxf6 {[%clk 0:49:33]} 25.
Rxf6 {[%clk 0:18:32]} gxf6 {[%clk 0:49:56]} 26. Qh6 {[%clk 0:18:04]} Nd7 {[%clk
0:41:18]} 27. g4 {[%clk 0:17:27]} b4 {[%clk 0:39:59]} 28. g5 {[%clk 0:15:54]}
fxg5 {[%clk 0:39:54]} 29. Qxg5+ {[%clk 0:14:09]} Kf8 {[%clk 0:40:17]} 30. Qh6+
{[%clk 0:07:00]} Ke8 {[%clk 0:39:14]} 31. Qxh7 {[%clk 0:02:02]} a4 {[%clk
0:38:48]} 32. Nc1 {[%clk 0:01:41]} bxc3 {[%clk 0:38:54]} 33. Qh8+ {[%clk
0:01:32]} Nf8 {[%clk 0:39:08]} 34. Qh3 {[%clk 0:01:14]} Rb8 {[%clk 0:39:01]} 35.
Rxc3 {[%clk 0:01:05]} Qb7 {[%clk 0:39:25]} 36. Nb3 {[%clk 0:01:11]} axb3 {[%clk
0:39:49]} 37. axb3 {[%clk 0:01:03]} Ra8+ {[%clk 0:38:17]} 38. Kb2 {[%clk
0:00:55]} Qxe4 {[%clk 0:37:10]} 39. Qf1 {[%clk 0:00:44]} Ne6 {[%clk 0:37:21]} 40.
Qb5+ {[%clk 0:30:48]} Ke7 {[%clk 1:07:28]} 41. Rc4 {[%clk 0:28:55]} Qh1 {[%clk
1:07:36]} 0-1

[Event "Irena Warakomska Memorial A"]
[Site "Suwalki"]
[Date "2021.07.28"]
[Round "2"]
[White "Hnydiuk, Aleksander"]
[Black "Kubicka, Anna"]
[Result "1/2-1/2"]
[Board "19"]
[WhiteElo "2407"]
[WhiteTitle "IM"]
[WhiteCountry "POL"]
[WhiteFideId "1109057"]
[WhiteEloChange "-3"]
[BlackElo "2210"]
[BlackTitle "WIM"]
[BlackCountry "POL"]
[BlackFideId "1152254"]
[BlackEloChange "5"]

1. Nf3 {[%clk 1:27:09]} c5 {[%clk 1:30:43]} 2. c4 {[%clk 1:27:32]} Nf6 {[%clk
1:31:06]} 3. g3 {[%clk 1:27:44]} Nc6 {[%clk 1:31:23]} 4. d4 {[%clk 1:24:28]} cxd4
{[%clk 1:31:46]} 5. Nxd4 {[%clk 1:24:56]} e5 {[%clk 1:31:57]} 6. Nb5 {[%clk
1:23:47]} Bb4+ {[%clk 1:32:08]} 7. N1c3 {[%clk 1:16:11]} d6 {[%clk 1:32:05]} 8.
a3 {[%clk 1:12:44]} Bxc3+ {[%clk 1:31:37]} 9. Nxc3 {[%clk 1:10:29]} O-O {[%clk
1:31:27]} 10. Bg2 {[%clk 1:10:41]} Be6 {[%clk 1:30:32]} 11. b3 {[%clk 1:10:16]}
h6 {[%clk 1:30:46]} 12. O-O {[%clk 1:10:39]} Qd7 {[%clk 1:29:38]} 13. Bb2 {[%clk
0:42:43]} Bh3 {[%clk 1:29:10]} 14. Qd3 {[%clk 0:41:34]} Nd4 {[%clk 1:13:20]} 15.
Nd5 {[%clk 0:33:54]} Nxd5 {[%clk 1:09:39]} 16. Bxh3 {[%clk 0:30:30]} Qxh3 {[%clk
1:09:40]} 17. cxd5 {[%clk 0:30:51]} Qf5 {[%clk 0:57:40]} 18. Qxf5 {[%clk
0:26:47]} Nxf5 {[%clk 0:58:04]} 19. e4 {[%clk 0:25:05]} Ne7 {[%clk 0:57:54]} 20.
a4 {[%clk 0:18:34]} f5 {[%clk 0:56:01]} 21. f3 {[%clk 0:18:33]} fxe4 {[%clk
0:56:09]} 22. fxe4 {[%clk 0:19:01]} Rxf1+ {[%clk 0:56:23]} 23. Kxf1 {[%clk
0:18:10]} Kf7 {[%clk 0:53:13]} 24. Ba3 {[%clk 0:18:17]} Rd8 {[%clk 0:53:38]} 25.
Ke2 {[%clk 0:17:21]} Ke8 {[%clk 0:53:46]} 26. Kd3 {[%clk 0:17:31]} Ng8 {[%clk
0:53:07]} 27. h3 {[%clk 0:08:33]} Kd7 {[%clk 0:52:58]} 28. Rf1 {[%clk 0:07:18]}
Nf6 {[%clk 0:52:52]} 29. Bc1 {[%clk 0:06:28]} Rf8 {[%clk 0:52:32]} 30. Be3 {[%clk
0:06:53]} 1/2-1/2

[Event "Irena Warakomska Memorial A"]
[Site "Suwalki"]
[Date "2021.07.28"]
[Round "2"]
[White "Lewtak, Damian"]
[Black "Dylag, Emilia"]
[Result "1-0"]
[Board "20"]
[WhiteElo "2380"]
[WhiteTitle "IM"]
[WhiteCountry "POL"]
[WhiteFideId "1141724"]
[WhiteEloChange "4"]
[BlackElo "2144"]
[BlackTitle "WFM"]
[BlackCountry "POL"]
[BlackFideId "21805172"]
[BlackEloChange "-4"]

1. d4 {[%clk 1:30:58]} d5 {[%clk 1:30:47]} 2. c3 {[%clk 1:31:21]} e6 {[%clk
1:30:21]} 3. Bf4 {[%clk 1:30:53]} Nf6 {[%clk 1:30:34]} 4. e3 {[%clk 1:31:07]} c5
{[%clk 1:30:40]} 5. Nd2 {[%clk 1:30:50]} Nc6 {[%clk 1:30:24]} 6. Ngf3 {[%clk
1:30:32]} Be7 {[%clk 1:30:30]} 7. Bd3 {[%clk 1:29:49]} Nh5 {[%clk 1:30:22]} 8.
Be5 {[%clk 1:28:15]} Nxe5 {[%clk 1:30:08]} 9. Nxe5 {[%clk 1:26:41]} Nf6 {[%clk
1:28:42]} 10. O-O {[%clk 1:26:50]} O-O {[%clk 1:27:53]} 11. f4 {[%clk 1:27:02]}
g6 {[%clk 1:24:32]} 12. Rf3 {[%clk 1:25:41]} Nd7 {[%clk 1:21:18]} 13. Rh3 {[%clk
1:23:51]} f5 {[%clk 1:10:01]} 14. Nxd7 {[%clk 1:24:15]} Bxd7 {[%clk 1:09:28]} 15.
Nf3 {[%clk 1:24:29]} Rc8 {[%clk 1:04:09]} 16. Qe1 {[%clk 1:22:15]} Bf6 {[%clk
1:00:34]} 17. Qg3 {[%clk 1:21:27]} Rf7 {[%clk 0:59:02]} 18. Ng5 {[%clk 1:16:13]}
Bxg5 {[%clk 0:57:44]} 19. fxg5 {[%clk 1:15:42]} cxd4 {[%clk 0:55:01]} 20. exd4
{[%clk 1:14:41]} Qb6 {[%clk 0:49:50]} 21. Qf2 {[%clk 1:13:52]} Qa5 {[%clk
0:46:08]} 22. a3 {[%clk 1:12:39]} b5 {[%clk 0:41:55]} 23. Re3 {[%clk 1:09:58]}
Qb6 {[%clk 0:36:57]} 24. Qd2 {[%clk 1:07:04]} a5 {[%clk 0:29:40]} 25. b4 {[%clk
1:06:11]} Qc7 {[%clk 0:29:09]} 26. Rc1 {[%clk 1:03:32]} Qf4 {[%clk 0:17:19]} 27.
h4 {[%clk 0:59:52]} h5 {[%clk 0:12:01]} 28. gxh6 {[%clk 0:54:27]} Qxh6 {[%clk
0:11:53]} 29. bxa5 {[%clk 0:53:15]} Rh7 {[%clk 0:10:01]} 30. Rce1 {[%clk
0:50:15]} Qxh4 {[%clk 0:06:27]} 31. Rh3 {[%clk 0:50:06]} Qd8 {[%clk 0:05:55]} 32.
Rxh7 {[%clk 0:50:20]} Kxh7 {[%clk 0:06:21]} 33. Re3 {[%clk 0:50:18]} Kg7 {[%clk
0:05:25]} 34. Rh3 {[%clk 0:50:01]} g5 {[%clk 0:04:39]} 35. g4 {[%clk 0:50:05]}
Qf6 {[%clk 0:03:47]} 36. Rh5 {[%clk 0:46:42]} Rh8 {[%clk 0:02:33]} 37. Rxh8
{[%clk 0:44:59]} Kxh8 {[%clk 0:02:59]} 38. Qh2+ {[%clk 0:45:24]} Kg7 {[%clk
0:02:54]} 39. Qc7 {[%clk 0:45:18]} Qf7 {[%clk 0:03:09]} 40. a6 {[%clk 1:13:04]}
fxg4 {[%clk 0:33:04]} 41. a7 {[%clk 1:12:29]} Bc6 {[%clk 0:29:48]} 42. Qxf7+
{[%clk 1:02:40]} Kxf7 {[%clk 0:30:12]} 43. Bxb5 {[%clk 1:03:05]} Ba8 {[%clk
0:29:57]} 44. Kf2 {[%clk 1:02:43]} e5 {[%clk 0:19:26]} 45. Kg3 {[%clk 1:02:59]}
Ke6 {[%clk 0:08:32]} 46. a4 {[%clk 1:03:24]} Kf5 {[%clk 0:06:58]} 47. Bd3+ {[%clk
1:03:48]} e4 {[%clk 0:04:06]} 48. Ba6 {[%clk 1:04:11]} Ke6 {[%clk 0:04:15]} 49.
Kxg4 {[%clk 1:04:30]} Kd6 {[%clk 0:04:27]} 50. a5 {[%clk 1:04:44]} Kc6 {[%clk
0:04:14]} 51. Kxg5 {[%clk 1:05:05]} Bb7 {[%clk 0:04:29]} 52. Kf4 {[%clk 1:05:03]}
Ba8 {[%clk 0:04:23]} 53. Ke5 {[%clk 1:05:09]} Kc7 {[%clk 0:04:01]} 54. c4 {[%clk
1:04:03]} dxc4 {[%clk 0:03:00]} 55. Bxc4 {[%clk 1:04:26]} Bb7 {[%clk 0:02:58]}
56. d5 {[%clk 1:03:40]} Ba8 {[%clk 0:02:27]} 57. Kxe4 {[%clk 1:03:17]} Kd6 {[%clk
0:01:58]} 58. Kd4 {[%clk 1:03:39]} Bb7 {[%clk 0:02:01]} 59. a6 {[%clk 1:03:58]}
Ba8 {[%clk 0:02:23]} 60. Bb3 {[%clk 1:04:23]} Kc7 {[%clk 0:02:27]} 61. Kc5 {[%clk
1:04:40]} Kc8 {[%clk 0:01:53]} 62. Ba4 {[%clk 1:04:50]} Kc7 {[%clk 0:01:25]} 63.
Bc6 {[%clk 1:05:06]} 1-0

[Event "Irena Warakomska Memorial A"]
[Site "Suwalki"]
[Date "2021.07.28"]
[Round "2"]
[White "Kucza, Karol"]
[Black "Skurniak, Szymon"]
[Result "1/2-1/2"]
[Board "21"]
[WhiteElo "2337"]
[WhiteTitle "FM"]
[WhiteCountry "POL"]
[WhiteFideId "1159755"]
[WhiteEloChange "-5"]
[BlackElo "2143"]
[BlackCountry "POL"]
[BlackFideId "21805571"]
[BlackEloChange "5"]

1. d4 {[%clk 1:30:57]} Nf6 {[%clk 1:30:18]} 2. c4 {[%clk 1:31:21]} g6 {[%clk
1:30:31]} 3. Nc3 {[%clk 1:31:44]} d5 {[%clk 1:30:02]} 4. cxd5 {[%clk 1:32:08]}
Nxd5 {[%clk 1:30:27]} 5. Bd2 {[%clk 1:32:31]} Bg7 {[%clk 1:30:09]} 6. e4 {[%clk
1:32:54]} Nb6 {[%clk 1:29:02]} 7. Be3 {[%clk 1:33:17]} Nc6 {[%clk 1:20:45]} 8.
Bb5 {[%clk 1:25:27]} O-O {[%clk 1:16:58]} 9. Nge2 {[%clk 1:24:45]} Na5 {[%clk
1:10:25]} 10. b3 {[%clk 1:12:48]} Bd7 {[%clk 0:55:58]} 11. Bd3 {[%clk 1:10:39]}
e5 {[%clk 0:54:45]} 12. d5 {[%clk 1:09:40]} c6 {[%clk 0:52:42]} 13. Bc5 {[%clk
0:54:44]} Re8 {[%clk 0:50:26]} 14. Bb4 {[%clk 0:54:52]} Nc8 {[%clk 0:49:24]} 15.
O-O {[%clk 0:50:24]} cxd5 {[%clk 0:41:09]} 16. exd5 {[%clk 0:50:02]} Qb6 {[%clk
0:38:06]} 17. Ba3 {[%clk 0:50:02]} Nd6 {[%clk 0:38:17]} 18. Bxd6 {[%clk 0:37:19]}
Qxd6 {[%clk 0:38:38]} 19. Bb5 {[%clk 0:37:46]} Bxb5 {[%clk 0:31:27]} 20. Nxb5
{[%clk 0:38:09]} Qd7 {[%clk 0:31:40]} 21. Nbc3 {[%clk 0:37:41]} b6 {[%clk
0:31:05]} 22. Rc1 {[%clk 0:36:48]} Nb7 {[%clk 0:25:19]} 23. Qd3 {[%clk 0:36:42]}
Nd6 {[%clk 0:23:53]} 24. Ne4 {[%clk 0:32:57]} Rad8 {[%clk 0:22:24]} 25. Rfd1
{[%clk 0:29:29]} Nxe4 {[%clk 0:20:05]} 26. Qxe4 {[%clk 0:29:53]} f5 {[%clk
0:19:45]} 27. Qc4 {[%clk 0:26:45]} Rc8 {[%clk 0:17:39]} 28. Qa6 {[%clk 0:23:54]}
Rxc1 {[%clk 0:16:37]} 29. Nxc1 {[%clk 0:22:58]} Rc8 {[%clk 0:15:48]} 30. Nd3
{[%clk 0:22:05]} Rc3 {[%clk 0:12:38]} 31. Nb4 {[%clk 0:19:17]} Bf8 {[%clk
0:12:26]} 32. d6 {[%clk 0:17:01]} Rc5 {[%clk 0:10:27]} 33. h3 {[%clk 0:14:53]} e4
{[%clk 0:10:42]} 34. Qe2 {[%clk 0:13:55]} a5 {[%clk 0:10:48]} 35. Na6 {[%clk
0:13:38]} Rc8 {[%clk 0:07:21]} 36. Nc7 {[%clk 0:13:29]} Qc6 {[%clk 0:03:03]} 37.
Nb5 {[%clk 0:00:34]} Rd8 {[%clk 0:02:41]} 38. Qc4+ {[%clk 0:00:36]} Qxc4 {[%clk
0:03:05]} 39. bxc4 {[%clk 0:01:02]} Rd7 {[%clk 0:02:28]} 40. Kf1 {[%clk 0:31:03]}
Kf7 {[%clk 0:32:40]} 41. Ke2 {[%clk 0:30:46]} Ke6 {[%clk 0:28:04]} 42. Nc7+
{[%clk 0:31:04]} Kf7 {[%clk 0:23:07]} 1/2-1/2

[Event "Irena Warakomska Memorial A"]
[Site "Suwalki"]
[Date "2021.07.28"]
[Round "2"]
[White "Sakalauskas, Vaidas"]
[Black "Kacprzak, Karol"]
[Result "1/2-1/2"]
[Board "22"]
[WhiteElo "2330"]
[WhiteTitle "IM"]
[WhiteCountry "LTU"]
[WhiteFideId "12800457"]
[WhiteEloChange "-5"]
[BlackElo "2151"]
[BlackCountry "POL"]
[BlackFideId "21819327"]
[BlackEloChange "5"]

1. d4 {[%clk 1:30:58]} Nf6 {[%clk 1:30:51]} 2. c4 {[%clk 1:31:16]} e6 {[%clk
1:31:11]} 3. Nc3 {[%clk 1:31:12]} Bb4 {[%clk 1:31:28]} 4. e3 {[%clk 1:30:55]} O-O
{[%clk 1:31:46]} 5. Bd3 {[%clk 1:30:26]} d5 {[%clk 1:31:55]} 6. Nf3 {[%clk
1:30:27]} c5 {[%clk 1:30:32]} 7. O-O {[%clk 1:30:06]} cxd4 {[%clk 1:25:40]} 8.
exd4 {[%clk 1:30:02]} dxc4 {[%clk 1:25:36]} 9. Bxc4 {[%clk 1:30:26]} Nc6 {[%clk
1:20:52]} 10. Bg5 {[%clk 1:24:29]} Bxc3 {[%clk 1:18:40]} 11. bxc3 {[%clk
1:24:41]} b6 {[%clk 1:18:30]} 12. Qe2 {[%clk 1:16:18]} Bb7 {[%clk 0:51:00]} 13.
Ne5 {[%clk 1:10:37]} Qd6 {[%clk 0:49:36]} 14. Bd3 {[%clk 0:48:14]} Ne7 {[%clk
0:37:35]} 15. Bxf6 {[%clk 0:34:12]} gxf6 {[%clk 0:37:57]} 16. Qg4+ {[%clk
0:22:41]} Ng6 {[%clk 0:37:25]} 17. Nxg6 {[%clk 0:19:21]} hxg6 {[%clk 0:37:47]}
18. Bxg6 {[%clk 0:09:34]} fxg6 {[%clk 0:38:05]} 19. Qxg6+ {[%clk 0:10:00]} Kh8
{[%clk 0:38:28]} 20. Rfe1 {[%clk 0:06:46]} Qe7 {[%clk 0:32:29]} 21. Rxe6 {[%clk
0:05:07]} Qxe6 {[%clk 0:22:07]} 22. Qh6+ {[%clk 0:05:31]} 1/2-1/2

[Event "Irena Warakomska Memorial A"]
[Site "Suwalki"]
[Date "2021.07.28"]
[Round "2"]
[White "Dzhuguryan, Tygran"]
[Black "Chyzy, Jakub"]
[Result "0-1"]
[Board "23"]
[WhiteElo "2176"]
[WhiteCountry "POL"]
[WhiteFideId "21872988"]
[WhiteEloChange "-8"]
[BlackElo "2257"]
[BlackTitle "FM"]
[BlackCountry "POL"]
[BlackFideId "21806209"]
[BlackEloChange "8"]

1. d4 {[%clk 1:30:57]} d5 {[%clk 1:30:56]} 2. c4 {[%clk 1:31:22]} e5 {[%clk
1:31:22]} 3. dxe5 {[%clk 1:30:31]} d4 {[%clk 1:31:48]} 4. Nf3 {[%clk 1:30:53]}
Nc6 {[%clk 1:32:13]} 5. a3 {[%clk 1:30:54]} Bg4 {[%clk 1:32:21]} 6. Nbd2 {[%clk
1:29:23]} Qe7 {[%clk 1:32:13]} 7. h3 {[%clk 1:15:37]} Bh5 {[%clk 1:32:31]} 8. b4
{[%clk 1:13:26]} O-O-O {[%clk 1:24:30]} 9. Qa4 {[%clk 1:11:40]} Nxe5 {[%clk
1:15:02]} 10. Nxe5 {[%clk 1:11:55]} Qxe5 {[%clk 1:15:28]} 11. Bb2 {[%clk
1:02:40]} Kb8 {[%clk 1:14:31]} 12. Qb5 {[%clk 1:02:17]} Qxb5 {[%clk 1:07:24]} 13.
cxb5 {[%clk 1:01:37]} Be7 {[%clk 1:02:27]} 14. Nb3 {[%clk 0:52:05]} Bf6 {[%clk
1:00:25]} 15. Rd1 {[%clk 0:51:45]} d3 {[%clk 0:59:44]} 16. Bxf6 {[%clk 0:51:57]}
Nxf6 {[%clk 1:00:04]} 17. Rxd3 {[%clk 0:52:09]} Rxd3 {[%clk 0:59:31]} 18. exd3
{[%clk 0:52:35]} Rd8 {[%clk 0:51:48]} 19. Be2 {[%clk 0:46:58]} Bg6 {[%clk
0:41:40]} 20. O-O {[%clk 0:34:13]} Nd5 {[%clk 0:28:55]} 21. Bf3 {[%clk 0:33:36]}
Bxd3 {[%clk 0:21:38]} 22. Rd1 {[%clk 0:31:09]} Nc3 {[%clk 0:21:55]} 23. Rd2
{[%clk 0:31:28]} Nb1 {[%clk 0:18:48]} 24. Rd1 {[%clk 0:31:56]} Nc3 {[%clk
0:19:13]} 25. Rd2 {[%clk 0:32:22]} Rd6 {[%clk 0:19:40]} 26. Nc5 {[%clk 0:22:19]}
Bxb5 {[%clk 0:18:42]} 27. Rc2 {[%clk 0:11:59]} Nd5 {[%clk 0:18:43]} 28. a4 {[%clk
0:11:21]} Bd7 {[%clk 0:11:33]} 29. Re2 {[%clk 0:10:19]} b6 {[%clk 0:04:06]} 30.
Nxd7+ {[%clk 0:10:39]} Rxd7 {[%clk 0:04:34]} 31. Re8+ {[%clk 0:10:26]} Kb7 {[%clk
0:04:34]} 32. b5 {[%clk 0:08:48]} c6 {[%clk 0:04:31]} 33. Rf8 {[%clk 0:08:56]} a6
{[%clk 0:03:31]} 34. Bg4 {[%clk 0:09:03]} Rc7 {[%clk 0:03:33]} 35. Rd8 {[%clk
0:09:31]} axb5 {[%clk 0:03:34]} 36. axb5 {[%clk 0:09:59]} Re7 {[%clk 0:01:03]}
37. Rd6 {[%clk 0:07:39]} Nb4 {[%clk 0:00:45]} 38. Rd4 {[%clk 0:06:46]} Nd5 {[%clk
0:00:33]} 39. Bf3 {[%clk 0:06:57]} Re5 {[%clk 0:00:35]} 40. Be4 {[%clk 0:34:55]}
Kc7 {[%clk 0:30:35]} 41. bxc6 {[%clk 0:34:22]} Kxc6 {[%clk 0:29:57]} 42. Bxh7
{[%clk 0:31:45]} g6 {[%clk 0:27:13]} 43. Bg8 {[%clk 0:26:54]} Re7 {[%clk
0:26:19]} 44. g4 {[%clk 0:24:35]} Kc5 {[%clk 0:24:39]} 45. Rd3 {[%clk 0:24:32]}
Nf6 {[%clk 0:23:36]} 46. Rd8 {[%clk 0:24:37]} b5 {[%clk 0:23:37]} 47. Rf8 {[%clk
0:23:45]} Nxg8 {[%clk 0:18:25]} 48. Rxg8 {[%clk 0:24:13]} Rb7 {[%clk 0:18:06]}
49. Rc8+ {[%clk 0:23:11]} Kd4 {[%clk 0:18:19]} 50. h4 {[%clk 0:19:17]} b4 {[%clk
0:18:26]} 51. Kg2 {[%clk 0:19:36]} b3 {[%clk 0:18:20]} 52. Rd8+ {[%clk 0:19:16]}
Kc3 {[%clk 0:14:39]} 53. Rc8+ {[%clk 0:19:34]} Kb4 {[%clk 0:15:05]} 54. Re8
{[%clk 0:18:55]} b2 {[%clk 0:15:25]} 55. Re1 {[%clk 0:19:21]} Kc3 {[%clk
0:15:46]} 0-1

[Event "Irena Warakomska Memorial A"]
[Site "Suwalki"]
[Date "2021.07.28"]
[Round "2"]
[White "Kaczmarek, Arkadiusz"]
[Black "Janik, Igor"]
[Result "0-1"]
[Board "24"]
[WhiteElo "2147"]
[WhiteCountry "POL"]
[WhiteFideId "1178393"]
[WhiteEloChange "-2"]
[BlackElo "2500"]
[BlackTitle "IM"]
[BlackCountry "POL"]
[BlackFideId "1159259"]
[BlackEloChange "1"]

1. d4 {[%clk 1:30:56]} Nf6 {[%clk 1:30:55]} 2. c4 {[%clk 1:31:13]} e6 {[%clk
1:31:21]} 3. Nf3 {[%clk 1:31:27]} Bb4+ {[%clk 1:31:45]} 4. Nbd2 {[%clk 1:31:39]}
O-O {[%clk 1:32:05]} 5. a3 {[%clk 1:31:52]} Be7 {[%clk 1:32:29]} 6. e3 {[%clk
1:28:13]} b6 {[%clk 1:31:29]} 7. Be2 {[%clk 1:28:26]} Bb7 {[%clk 1:31:21]} 8. Qc2
{[%clk 1:22:57]} c5 {[%clk 1:30:37]} 9. O-O {[%clk 1:20:34]} Nc6 {[%clk 1:30:39]}
10. b3 {[%clk 1:12:48]} cxd4 {[%clk 1:31:03]} 11. exd4 {[%clk 1:11:54]} d5 {[%clk
1:30:29]} 12. Bb2 {[%clk 0:48:12]} dxc4 {[%clk 1:25:42]} 13. bxc4 {[%clk
0:48:27]} Rc8 {[%clk 1:26:02]} 14. Rac1 {[%clk 0:48:44]} Qd6 {[%clk 1:24:20]} 15.
Rfd1 {[%clk 0:47:50]} Rfd8 {[%clk 1:19:18]} 16. Qa4 {[%clk 0:43:47]} Qf4 {[%clk
1:13:35]} 17. g3 {[%clk 0:43:52]} Qb8 {[%clk 1:11:29]} 18. Nf1 {[%clk 0:41:06]}
Na5 {[%clk 1:07:56]} 19. Ne5 {[%clk 0:35:02]} Bd6 {[%clk 1:01:37]} 20. Ne3 {[%clk
0:18:35]} Ne4 {[%clk 0:53:17]} 21. f3 {[%clk 0:13:02]} Nc5 {[%clk 0:48:13]} 22.
Qc2 {[%clk 0:06:36]} Ncb3 {[%clk 0:44:29]} 23. Rb1 {[%clk 0:06:43]} Nxd4 {[%clk
0:43:43]} 24. Rxd4 {[%clk 0:06:55]} Bxe5 {[%clk 0:44:10]} 25. Rh4 {[%clk
0:07:06]} h6 {[%clk 0:43:43]} 26. Ng4 {[%clk 0:07:05]} Bxb2 {[%clk 0:43:38]} 27.
Qxb2 {[%clk 0:07:00]} Qd6 {[%clk 0:34:48]} 28. Nxh6+ {[%clk 0:02:44]} gxh6 {[%clk
0:34:27]} 29. Qf6 {[%clk 0:03:03]} e5 {[%clk 0:33:54]} 30. Rg4+ {[%clk 0:02:53]}
Kf8 {[%clk 0:34:07]} 31. Qg7+ {[%clk 0:03:06]} Ke7 {[%clk 0:34:27]} 32. Rb5
{[%clk 0:02:48]} Rc5 {[%clk 0:34:30]} 0-1